<?xml version="1.0" encoding="UTF-8"?>
<record
    xmlns:xsi="http://www.w3.org/2001/XMLSchema-instance"
    xsi:schemaLocation="http://www.loc.gov/MARC21/slim http://www.loc.gov/standards/marcxml/schema/MARC21slim.xsd"
    xmlns="http://www.loc.gov/MARC21/slim">

  <leader>03163nam a22003014a 4500</leader>
  <controlfield tag="003">BOLpUSFA</controlfield>
  <controlfield tag="005">20260416152626.0</controlfield>
  <controlfield tag="008">      t        bo     grm    001 | spa||</controlfield>
  <datafield tag="040" ind1=" " ind2=" ">
    <subfield code="a">BOLpUSFA</subfield>
  </datafield>
  <datafield tag="041" ind1=" " ind2=" ">
    <subfield code="a">spa</subfield>
  </datafield>
  <datafield tag="044" ind1=" " ind2=" ">
    <subfield code="a">BO</subfield>
  </datafield>
  <datafield tag="082" ind1=" " ind2=" ">
    <subfield code="a">ADM0020</subfield>
    <subfield code="b">M839e PG</subfield>
  </datafield>
  <datafield tag="100" ind1=" " ind2=" ">
    <subfield code="a">Morel, Sonia Betiana</subfield>
  </datafield>
  <datafield tag="245" ind1=" " ind2=" ">
    <subfield code="a">Estudio de factibilidad para la creaci&#xF3;n de una Guarder&#xED;a Infantil con Servicio Integral, incluyendo atenci&#xF3;n diurna y nocturna en el &#xE1;rea urbana del Municipio de Tupiza</subfield>
  </datafield>
  <datafield tag="260" ind1=" " ind2=" ">
    <subfield code="a">Tupiza: </subfield>
    <subfield code="b">Universidad Privada San Francisco de As&#xED;s. Carrera de Administraci&#xF3;n de Empresas, </subfield>
    <subfield code="c">2025 </subfield>
  </datafield>
  <datafield tag="300" ind1=" " ind2=" ">
    <subfield code="a">254 p. </subfield>
  </datafield>
  <datafield tag="502" ind1=" " ind2=" ">
    <subfield code="a">Modalidad: Proyecto de Grado - 
Tutora: Lic. Cenia L&#xF3;pez Rojas</subfield>
  </datafield>
  <datafield tag="520" ind1=" " ind2=" ">
    <subfield code="a">El presente proyecto de investigaci&#xF3;n tiene como objetivo determinar la 
factibilidad para la creaci&#xF3;n de una guarder&#xED;a infantil integral, con atenci&#xF3;n diurna 
y  nocturna,  en  el  &#xE1;rea  urbana  del  municipio  de  Tupiza,  respondiendo  a  una 
creciente demanda de servicios de cuidado infantil adaptados a las din&#xE1;micas 
laborales contempor&#xE1;neas. Para ello, se emple&#xF3; un enfoque mixto, combinando 
m&#xE9;todos cuantitativos y cualitativos, con un dise&#xF1;o no experimental transversal. 

Se aplicaron encuestas a una muestra aleatorio simple de 378 madres, padres y 
tutores de ni&#xF1;os menores de 7 a&#xF1;os, complementadas con entrevistas a actores 
clave  del  sector.  Los  resultados  revelan  que  el  87%  de  los  encuestados 
manifiesta una alta aceptaci&#xF3;n y disposici&#xF3;n a utilizar el servicio nocturno, cuya 
franja horaria m&#xE1;s demandada es entre las 18:00 y 22:00. El estudio financiero 
proyecta una inversi&#xF3;n inicial de Bs 55.743,00 con costos operativos mensuales 
aproximados de Bs 12.595,75 y una estructura tarifaria que oscila entre Bs 600 
y  Bs  700  mensuales  seg&#xFA;n  paquete  de  servicio.  La  proyecci&#xF3;n  de  ingresos 
anuales  supera  los  Bs  246.600,00  con  una  utilidad  neta  estimada  de  Bs 
48.638,99 en el primer a&#xF1;o, y un punto de equilibrio con solo 30 ni&#xF1;os inscritos. 

Indicadores  financieros  como  VAN  positivo  (Bs  107.265,06)  y  TIR  del  96% 
evidencian  la  rentabilidad  y  viabilidad  econ&#xF3;mica  del  proyecto,  que  adem&#xE1;s 
aporta soluciones de bienestar social y desarrollo infantil integral. En conclusi&#xF3;n, 
la  creaci&#xF3;n  de  esta  guarder&#xED;a  representa  una  oportunidad  innovadora  y 
necesaria  para  promover  la  conciliaci&#xF3;n  laboral  y  familiar  en  Tupiza, 
contribuyendo al desarrollo sostenible y la inclusi&#xF3;n social en la comunidad.
  
Los resultados de esta investigaci&#xF3;n proporcionar&#xE1;n una base s&#xF3;lida para 
la toma de decisiones sobre la implementaci&#xF3;n de la guarder&#xED;a, contribuyendo 
as&#xED;  al  bienestar  de  las  familias  de  Tupiza  y  al  desarrollo  de  un  entorno  m&#xE1;s 
inclusivo y accesible para todos.   
   
</subfield>
  </datafield>
  <datafield tag="650" ind1=" " ind2=" ">
    <subfield code="a">Administraci&#xF3;n de Empresas</subfield>
  </datafield>
  <datafield tag="650" ind1=" " ind2=" ">
    <subfield code="a">Proyecto de Grado</subfield>
  </datafield>
  <datafield tag="650" ind1=" " ind2=" ">
    <subfield code="a">Estudio de factibilidad</subfield>
  </datafield>
  <datafield tag="650" ind1=" " ind2=" ">
    <subfield code="a">Guarder&#xED;as</subfield>
  </datafield>
  <datafield tag="650" ind1=" " ind2=" ">
    <subfield code="a">Educaci&#xF3;n parvularia</subfield>
  </datafield>
  <datafield tag="650" ind1=" " ind2=" ">
    <subfield code="a">Educaci&#xF3;n preescolar </subfield>
  </datafield>
  <datafield tag="651" ind1=" " ind2=" ">
    <subfield code="a">Potos&#xED;</subfield>
  </datafield>
  <datafield tag="651" ind1=" " ind2=" ">
    <subfield code="a">Tupiza</subfield>
  </datafield>
  <datafield tag="942" ind1=" " ind2=" ">
    <subfield code="2">ddc</subfield>
    <subfield code="c">TE</subfield>
    <subfield code="z">LLO</subfield>
  </datafield>
  <datafield tag="999" ind1=" " ind2=" ">
    <subfield code="c">9707</subfield>
    <subfield code="d">9707</subfield>
  </datafield>
  <datafield tag="952" ind1=" " ind2=" ">
    <subfield code="0">0</subfield>
    <subfield code="1">0</subfield>
    <subfield code="2">ddc</subfield>
    <subfield code="4">0</subfield>
    <subfield code="7">0</subfield>
    <subfield code="8">2</subfield>
    <subfield code="a">BTZ</subfield>
    <subfield code="b">BTZ</subfield>
    <subfield code="c">3</subfield>
    <subfield code="d">2026-04-16</subfield>
    <subfield code="e">4</subfield>
    <subfield code="l">0</subfield>
    <subfield code="o">ADM0020 M839e PG</subfield>
    <subfield code="p">BTZ00914</subfield>
    <subfield code="r">2026-04-16</subfield>
    <subfield code="w">2026-04-16</subfield>
    <subfield code="y">TE</subfield>
  </datafield>
</record>
